000 00461nam a2200181Ia 4500
001 22941
005 20260414150904.0
008 260414t2012||||xx |||||||||||||| ||spa||
041 _aESP
082 _a624.171
_bB74
100 _aBorst, René de
_eAUT
245 0 _aNon-linear finite element analysis of solids and structures
_b
260 _c2012
300 _axxiii, 516 páginas :
_c25 cm.
650 _a0
654 _aCIC
942 _cLIB
_dJUS
_fJUS
_2ddc
_n
999 _c22941
_d22941